000 00445nam a2200181Ia 4500
001 19161
005 20260306171724.0
008 260306s9999||||xx |||||||||||||| ||und||
041 _aESP
082 _a658.8
_bP85
100 _aPrettel Vidal, Gustavo
_eAUT
245 0 _aMarketing una herramienta para el crecimiento
260 _c2016
300 _a545 páginas :
_c24 cm.
650 _aGEN
654 _aCAN
942 _cLIB
_dJUS
_fJUS
_2ddc
_n
999 _c19161
_d19161